Our own God: (Record no. 5830)

MARC details
000 -LEADER
fixed length control field 00597nam a22001937a 4500
003 - CONTROL NUMBER IDENTIFIER
control field GBCCL
005 - DATE AND TIME OF LATEST TRANSACTION
control field 20241126110550.0
008 - FIXED-LENGTH DATA ELEMENTS--GENERAL INFORMATION
fixed length control field 180409b ||||| |||| 00| 0 eng d
040 ## - CATALOGING SOURCE
Transcribing agency gbc
082 ## - DEWEY DECIMAL CLASSIFICATION NUMBER
Classification number 231.4
Item number WAT
100 ## - MAIN ENTRY--PERSONAL NAME
Personal name Watson, G. D.
9 (RLIN) 10550
245 ## - TITLE STATEMENT
Title Our own God:
Remainder of title Treating of the Personalities, the Knowledge,and the Fellowship of God /
Statement of responsibility, etc. G. D. Watson
260 ## - PUBLICATION, DISTRIBUTION, ETC.
Name of publisher, distributor, etc. Revivalist Office,
Place of publication, distribution, etc. Cincinnati:
Date of publication, distribution, etc. 1904
300 ## - PHYSICAL DESCRIPTION
Extent 271 p.;
Dimensions 19 cm.
650 ## - SUBJECT ADDED ENTRY--TOPICAL TERM
Topical term or geographic name entry element God
Form subdivision Attributes
9 (RLIN) 8530
650 ## - SUBJECT ADDED ENTRY--TOPICAL TERM
Topical term or geographic name entry element God
Form subdivision Knowableness
9 (RLIN) 10551
650 ## - SUBJECT ADDED ENTRY--TOPICAL TERM
Topical term or geographic name entry element Methodist Church
Form subdivision Doctrines
9 (RLIN) 10552
942 ## - ADDED ENTRY ELEMENTS (KOHA)
Source of classification or shelving scheme Dewey Decimal Classification
Koha item type Books
Koha issues (borrowed), all copies 2
Holdings
Withdrawn status Lost status Source of classification or shelving scheme Damaged status Not for loan Home library Current Library Shelving location Date acquired Total checkouts Full call number Barcode Date last seen Date last checked out Copy number Price effective from Koha item type
    Dewey Decimal Classification     GRACE BIBLE COLLEGE GRACE BIBLE COLLEGE Theology 2018-04-09 3 231.4 WAT 002027 2025-10-03 2025-09-30 c.1 2018-04-09 Books
© Grace Bible College Library 2025